000 005560000a22001810004500
003 MACL
005 20160413120518.0
008 160413b xxu||||| |||| 00| 0 eng d
040 _aMACL
_cMACL
041 _aHindi
082 _a800
100 _aसुरेश सलिल
_952103
245 _aगणेशशंकर विघार्थी की जेल डायरी
260 _bप्रवीण प्रकाशन
_c1993
_aदिल्‍ली
350 _a80
650 _aHindi Literature
_952104
942 _cHIN
_k800/SAL/L
_2ddc
999 _c19867
_d19867